Eastern Utah Libraries Catalog: Duchesne, Heber, Roosevelt, & Vernal

Gridiron trailblazer / (Record no. 406426)

MARC details
000 -LEADER
fixed length control field 01847nam a2200409 a 4500
001 - CONTROL NUMBER
control field mlg67483587
003 - CONTROL NUMBER IDENTIFIER
control field KyBuM
005 - DATE AND TIME OF LATEST TRANSACTION
control field 20250402110127.0
008 - FIXED-LENGTH DATA ELEMENTS--GENERAL INFORMATION
fixed length control field 240807s2025 mnua c 000 1 eng d
010 ## - LIBRARY OF CONGRESS CONTROL NUMBER
LC control number 2023044080
020 ## - INTERNATIONAL STANDARD BOOK NUMBER
International Standard Book Number 9781669074335
Qualifying information hardcover
020 ## - INTERNATIONAL STANDARD BOOK NUMBER
International Standard Book Number 9781669074373
Qualifying information paperback
040 ## - CATALOGING SOURCE
Original cataloging agency KyBuM
Transcribing agency KyBuM
050 00 - LIBRARY OF CONGRESS CALL NUMBER
Classification number PZ7.M25643
Item number Gr 2024
082 14 - DEWEY DECIMAL CLASSIFICATION NUMBER
Classification number F
Edition number 15
082 14 - DEWEY DECIMAL CLASSIFICATION NUMBER
Classification number Fic
Edition number 15
100 1# - MAIN ENTRY--PERSONAL NAME
Personal name Maddox, Jake.
9 (RLIN) 55532
245 10 - TITLE STATEMENT
Title Gridiron trailblazer /
Statement of responsibility, etc by Jake Maddox ; text by Vivian Michael ; illustrated by Eduardo Garcia.
260 ## - PUBLICATION, DISTRIBUTION, ETC. (IMPRINT)
Place of publication, distribution, etc North Mankato, Minn. :
Name of publisher, distributor, etc Stone Arch Books/Capstone,
Date of publication, distribution, etc c2025.
300 ## - PHYSICAL DESCRIPTION
Extent 65 p. :
Other physical details ill. ;
Dimensions 20 cm.
490 0# - SERIES STATEMENT
Series statement Jake Maddox
500 ## - GENERAL NOTE
General note Includes glossaries.
520 ## - SUMMARY, ETC.
Summary, etc "Audrey Miller isn't thrilled about moving to a new town or starting eighth grade at a new school. Things start looking up when she meets Ryan, a wide receiver on the school's football team. Audrey loves playing football and decides to join the team. But the other boys on the team only see her as a girl, not a football player. For reasons Audrey can't understand, they refuse to acknowledge her skills--or Ryan's. Can Audrey prove herself on the field and change their minds?"--Provided by the publisher.
521 2# - TARGET AUDIENCE NOTE
Target audience note 4-8
Source Medialog, Inc.
521 8# - TARGET AUDIENCE NOTE
Target audience note 560
Source Lexile.
521 0# - TARGET AUDIENCE NOTE
Target audience note 2-3.
521 2# - TARGET AUDIENCE NOTE
Target audience note 3-6.
526 8# - STUDY PROGRAM INFORMATION NOTE
Program name Accelerated Reader AR
Interest level Middle Grades
Reading level 3.8
Title point value 1.0
Public note quiz: 550166
650 #7 - SUBJECT ADDED ENTRY--TOPICAL TERM
Topical term or geographic name as entry element Homosexuality
Form subdivision Fiction.
Source of heading or term sears
9 (RLIN) 5699089
650 #7 - SUBJECT ADDED ENTRY--TOPICAL TERM
Topical term or geographic name as entry element Friendship
Form subdivision Fiction.
Source of heading or term sears
9 (RLIN) 5673769
650 #7 - SUBJECT ADDED ENTRY--TOPICAL TERM
Topical term or geographic name as entry element Football
Form subdivision Fiction.
Source of heading or term sears
9 (RLIN) 5688957
650 #7 - SUBJECT ADDED ENTRY--TOPICAL TERM
Topical term or geographic name as entry element Gender role
Form subdivision Fiction.
Source of heading or term sears
9 (RLIN) 6542188
655 #7 - INDEX TERM--GENRE/FORM
Genre/form data or focus term Sports fiction.
Source of term lcgft
9 (RLIN) 5744746
700 1# - ADDED ENTRY--PERSONAL NAME
Personal name Michael, Vivian.
9 (RLIN) 6542189
700 1# - ADDED ENTRY--PERSONAL NAME
Personal name Garcia, Eduardo,
Dates associated with a name 1970 August 31-
Relator term ill.
9 (RLIN) 6406265
852 1# - LOCATION/CALL NUMBER
-- p19.49usd
Holdings
Withdrawn status Lost status Source of classification or shelving scheme Damaged status Not for loan Collection code Home library Current library Shelving location Date acquired Source of acquisition Total Checkouts Total Renewals Full call number Barcode Date last seen Date checked out Cost, replacement price Price effective from Koha item type
    Dewey Decimal Classification     Junior Fiction Wasatch County Library Wasatch County Library Main Floor Junior Area 07/15/2025 Penworthy 1 1 J Maddox 34301002161042 08/26/2025 07/28/2025 19.49 07/15/2025 BOOK
This project was made possible through a grant from the Institute of Museum and Library Service administered by the Utah State Library Division.

Wasatch County Library

  • 465 East 1200 South, Heber City, Utah 84032
  • Phone 435-654-1511 | Fax 435-654-6456

Hours

  • Monday - Friday 9:30 AM - 8:00 PM
  • Saturday 9:30 AM - 1:30 PM
  • Closed Sundays and Holidays